Eхperience and phenomenon of educational eventuality in formation of pedagogical activity in students training; Лингвистические и культурологические традиции и инновации

Bibliografske podrobnosti
Parent link:Лингвистические и культурологические традиции и инновации.— 2016.— [С. 131-132]
Glavni avtor: Volkova N. V.
Korporativna značnica: Национальный исследовательский Томский политехнический университет
Drugi avtorji: Fedorinova Z. V. Zoya Vladimirovna
Izvleček:Заглавие с титульного экрана
Jezik:angleščina
Izdano: 2016
Serija:Языковая подготовка специалиста. Оценка качества образования в школе и вузе
Teme:
Online dostop:http://earchive.tpu.ru/handle/11683/37722
Format: MixedMaterials Elektronski Book Chapter
KOHA link:https://koha.lib.tpu.ru/cgi-bin/koha/opac-detail.pl?biblionumber=622431

MARC

LEADER 00000naa2a2200000 4500
001 622431
005 20250522155823.0
035 |a (RuTPU)RU\TPU\conf\21156 
035 |a RU\TPU\conf\21155 
090 |a 622431 
100 |a 20170329d2016 k y0rusy50 ba 
101 0 |a eng 
102 |a RU 
105 |a y z 101zy 
135 |a drgn ---uucaa 
181 0 |a i  
182 0 |a b 
200 1 |a Eхperience and phenomenon of educational eventuality in formation of pedagogical activity in students training  |f N. V. Volkova, Z. V. Fedorinova 
203 |a Текст  |c электронный 
225 1 |a Языковая подготовка специалиста. Оценка качества образования в школе и вузе 
300 |a Заглавие с титульного экрана 
320 |a [Библиогр.: с. 132 (14 назв.)] 
463 0 |0 (RuTPU)RU\TPU\conf\21107  |t Лингвистические и культурологические традиции и инновации  |o тезисы докладов XVI Международной научно-практической конференции, Томск, 11-13 октября 2016 г.  |f Национальный исследовательский Томский политехнический университет (ТПУ) ; под ред. Ю. В. Кобенко ; К. А. Гирфановой  |v [С. 131-132]  |d 2016 
610 1 |a труды учёных ТПУ 
610 1 |a электронный ресурс 
610 1 |a педагогическая деятельность 
610 1 |a студенты 
610 1 |a вузы 
610 1 |a исследования 
610 1 |a образовательные программы 
700 1 |a Volkova  |b N. V. 
701 1 |a Fedorinova  |b Z. V.  |c linguist  |c Associate Professor of Tomsk Polytechnic University, Candidate of pedagogical sciences  |f 1975-  |g Zoya Vladimirovna  |3 (RuTPU)RU\TPU\pers\35463  |9 18660 
712 0 2 |a Национальный исследовательский Томский политехнический университет  |c (2009- )  |9 26305 
801 2 |a RU  |b 63413507  |c 20170406  |g RCR 
850 |a 63413507 
856 4 |u http://earchive.tpu.ru/handle/11683/37722 
942 |c BK